TOEFL grammar flash : The reading comprehension section of the TOELF tests /
Sách xác định, cung cấp những lỗi thường gặp nhất của thí sinh Việt Nam trong bài thi TOELF.
Sparad:
| Huvudupphovsman: | |
|---|---|
| Materialtyp: | Bok |
| Språk: | English |
| Publicerad: |
Tp.HCM :
Nxb Tp.HCM,
2000.
|
| Ämnen: | |
| Taggar: |
Lägg till en tagg
Inga taggar, Lägg till första taggen!
|
| Thư viện lưu trữ: | Mạng thư viện Đại học Đà Nẵng |
|---|
| LEADER | 01161cam a2200397 i 4500 | ||
|---|---|---|---|
| 001 | 000046644 | ||
| 003 | 6144 | ||
| 005 | 20041029084742.0 | ||
| 008 | 010307b2000 vm 000 eng | ||
| 020 | |c 20000 | ||
| 022 | |a T | ||
| 040 | |a IRC |c IRC |d IRC | ||
| 041 | 0 | |a eng | |
| 082 | 1 | 4 | |a 425 |b PET- |
| 100 | 1 | |a Peterson's. | |
| 245 | 1 | 0 | |a TOEFL grammar flash : |b The reading comprehension section of the TOELF tests / |c Peterson's ; Nguyễn Hoàng Vĩnh Lộc, Nguyễn Lưu Bảo Đoan chú giải. |
| 260 | |a Tp.HCM : |b Nxb Tp.HCM, |c 2000. | ||
| 300 | |a 197 p. ; |c 19 cm. | ||
| 520 | 3 | |a Sách xác định, cung cấp những lỗi thường gặp nhất của thí sinh Việt Nam trong bài thi TOELF. | |
| 630 | 0 | 4 | |a Anh ngữ. |
| 630 | 0 | 4 | |a English language. |
| 630 | 0 | 4 | |a Grammar. |
| 630 | 0 | 4 | |a TOELF. |
| 630 | 0 | 4 | |a Tests. |
| 650 | 0 | 4 | |a English language |x Tests. |
| 650 | 0 | 4 | |a English language |x Grammar. |
| OWN | |a DUT | ||
| 999 | |a From the UDN01 | ||
| TYP | |a Monograph | ||
| TYP | |a Printed language | ||
| 980 | |a Mạng thư viện Đại học Đà Nẵng | ||